| 000 | 00791nas a2200241 4500 | ||
|---|---|---|---|
| 001 | BR0202529 | ||
| 003 | BR-BrBNA | ||
| 005 | 20231205102959.0 | ||
| 007 | ta | ||
| 008 | 230509b bl.|||p| |||| 00| 00por d | ||
| 040 |
_aBR-BrBNA _bpor _cBiblioteca Nacional de Agricultura |
||
| 041 | _a(Pt) | ||
| 072 | _aE14 | ||
| 100 | 1 | _aManzano, N.T. | |
| 245 | 1 | _aDesde tempos imemoriais o transporte pelas águas interiores marca a integração física, econômica e cultural de países e continentes | |
| 650 | _aTRANSPORTE FLUVIAL | ||
| 650 | _aHIDROVIA | ||
| 650 | _aPROJETO AGRICOLA | ||
| 650 | _aDESENVOLVIMENTO AGRÍCOLA | ||
| 773 | 0 |
_tAgroanalysis (Brazil) _xISSN 0100-4298 _g(May 2000), v. 20(5) p. 9-13 _wBR0202529 |
|
| 909 |
_a202311 _bLúcia _c55 _dLúcia Elande |
||
| 942 |
_2AGRIS _n0 _cANA |
||
| 999 |
_c170384 _d170384 |
||